Govt. of
Madhya Pradesh

Swadesi Enterprise In Bengal (Record no. 59)

MARC details
000 -LEADER
fixed length control field 003670000a22001570004500
001 - CONTROL NUMBER
control field 000057
003 - CONTROL NUMBER IDENTIFIER
control field MACL
040 ## - CATALOGING SOURCE
Original cataloging agency MACL
090 ## - LOCALLY ASSIGNED LC-TYPE CALL NUMBER (OCLC); LOCAL CALL NUMBER (RLIN)
-- 57
-- 57
100 ## - MAIN ENTRY--PERSONAL NAME
Personal name Bhattacharyya, Amit
245 ## - TITLE STATEMENT
Title Swadesi Enterprise In Bengal
Remainder of title The Second Phase 1921-1947
Statement of responsibility, etc. Amit Bhattacharyya
260 ## - PUBLICATION, DISTRIBUTION, ETC. (IMPRINT)
Place of publication, distribution, etc. Bookland,
Date of publication, distribution, etc. 1995
350 ## - PRICE (NR) (BK AM CF MU VM SE) [OBSOLETE]
Price 250
650 ## - SUBJECT ADDED ENTRY--TOPICAL TERM
Topical term or geographic name as entry element Social Science
942 ## - ADDED ENTRY ELEMENTS (KOHA)
Call number prefix 300
Koha item type Library Membar
Holdings
Withdrawn status Lost status Source of classification or shelving scheme Damaged status Not for loan Home library Current library Date acquired Cost, normal purchase price Total Checkouts Full call number Barcode Date last seen Uniform Resource Identifier Price effective from Koha item type
          MACL MACL 03/07/2015 250.00   300/BHA CRE011134 02/05/2024 57 15/04/2015 Books